LEADER 00924nam0 2200289 450 001 000026256 005 20120620131351.0 010 $a88-14-14492-3 100 $a20090618d2009----km-y0itay50------ba 101 0 $aita 102 $aIT 105 $ay-------001yy 200 1 $aManuale di diritto delle assicurazioni$fAntigono Donati, Giovanna Volpe Putzolu 205 $a9. ed. agg. 210 $aMilano$cGiuffrè$dc2009 215 $aXXIX, 261 p.$d23 cm 451 0$1001000008821$1001000026962 500 10$aManuale di diritto delle assicurazioni$937265 610 1 $aAssicurazioni$aDiritto$aManuali 676 $a346.45086$v20 700 1$aDonati,$bAntigono$0117965 701 1$aVolpe Putzolu,$bGiovanna$0117966 801 0$aIT$bUNIPARTHENOPE$c20090618$gRICA$2UNIMARC 912 $a000026256 951 $a346-M/38$b41484$cNAVA1$d2009 996 $aManuale di diritto delle assicurazioni$937265 997 $aUNIPARTHENOPE LEADER 03193nam 2200565 a 450 001 9910971977603321 005 20251116153347.0 010 0 $a9780191568411 010 0 $a0191568414 010 $a0-19-172125-5 010 $a9786612053467 010 $a1-282-05346-9 010 $a0-19-956355-1 010 $a0-19-156841-4 035 $a(MiAaPQ)EBC7035774 035 $a(CKB)24235091700041 035 $a(MiAaPQ)EBC430709 035 $a(Au-PeEL)EBL430709 035 $a(CaPaEBR)ebr10288302 035 $a(CaONFJC)MIL205346 035 $a(OCoLC)326881739 035 $a(Au-PeEL)EBL7035774 035 $a(OCoLC)781287558 035 $a(EXLCZ)9924235091700041 100 $a20081103d2009 uy 0 101 0 $aeng 135 $aur||||||||||| 181 $ctxt$2rdacontent 182 $cc$2rdamedia 183 $acr$2rdacarrier 200 14$aThe letters of Jerome $easceticism, biblical exegesis, and the construction of Christian authority in late antiquity /$fAndrew Cain 210 $aOxford ;$aNew York $cOxford University Press$d2009 215 $axiv, 286 p 225 1 $aOxford early Christian studies 311 08$a9780199563555 320 $aIncludes bibliographical references (p. [229]-272) and indexes. 327 $aIntroduction -- 'The voice of one calling in the desert' -- Epistularum ad diversos liber : structure and contents -- Hieronymus eremita : the textualized 'saint' -- Rhetoric and reproach -- An ascetic conversion story in letters -- Introducing ... Jerome -- A pope and his scholar -- Jerome on Damasus on Jerome : revisionist reminiscences --The great commission --The correspondence : 'Hebrew verity' and Ambrosiaster -- Claiming Marcella -- Ad Marcellam epistularum liber : structure and contents -- Hagiography, hermeneutics, Hebrew, and heretics -- Sealing a spiritual and scholarly legacy -- Expulsion from Rome -- Theological controversy -- The gathering storm : Blesilla's death -- The beginning of the end -- The 'disgrace of a false charge' -- Paula's seducer? -- The case against Jerome : trial and conviction -- Exile of a prophet -- The embattled ascetic saga -- Jerome's personal, theological, and ecclesiastical profiles -- Jerome's spiritual advice -- Legitimization -- The exegetical letters -- Remembering Fabiola, defending Hebrew verity -- From Bethlehem to the furthest reaches of Gaul -- Ep . 120 to Hedibia (Bordeaux) -- Ep . 121 to Algasia (Cahors?) -- Cultivated image. 330 $aIn life Jerome's authority was frequently questioned, yet following his death he was venerated as a saint. Andrew Cain systematically examines Jerome's idealized self-presentation across the extant epistolary corpus, exploring how and why Jerome used letter writing as a means to bid for status as an expert on the Bible and ascetic spirituality. 410 0$aOxford early Christian studies. 606 $aChristian saints$vCorrespondence 615 0$aChristian saints 676 $a270.2092 700 $aCain$b Andrew$0476535 801 0$bMiAaPQ 801 1$bMiAaPQ 801 2$bMiAaPQ 906 $aBOOK 912 $a9910971977603321 996 $aThe letters of Jerome$94463237 997 $aUNINA